00396nam a2200133Ia 4500008004100000020001500041041001200056082001600068100002300084245009700107260003400204300000800238650001600246221030s9999 xx 000 0 und d a8185814872 aEnglish a105.23bMuk aA. K. Mukhopadhyay 0aText Book on Microprocessor - Based Laboratory Experiments & Projectscby A. K. Mukhopadhyay bWheelher PubaNew Delhic1999 a365 aBE Computer